000 00635nam a2200241Ia 4500
003 OSt
005 20220918203540.0
006 a|||||r|||| 00| 0
007 ta
008 220917b |||||||| |||| 00| 0 eng d
024 _a108,941
037 _cTextual
040 _aARTS
_cARTS
_beng
041 _2eng
_aeng
082 _aV461:1:N5, K1 (UD)
100 _aHalpern Ben
_9109066
245 0 _aIdea of the Jewish State
260 _aNA
_bNA
_c1961
490 _aHarvard middle Eastern studies; 3
650 _aHISTORY
942 _hV461:1:N5, K1 (UD)
_cTEXL
_2CC
999 _c232295
_d232295